书目信息 |
| 题名: |
思维导图大脑使用说明书
|
|
| 作者: | 白虹 编著 | |
| 分册: | ||
| 出版信息: | 北京 北京联合出版公司 2018 |
|
| 页数: | 10,415页 | |
| 开本: | 25cm | |
| 丛书名: | ||
| 单 册: | ||
| 中图分类: | B804.1 | |
| 科图分类: | ||
| 主题词: | 逻辑思维 | |
| 电子资源: | ||
| ISBN: | 978-7-5502-1933-5 | |
| 000 | 00795nam0 2200241 45 | |
| 001 | 012001012274 | |
| 005 | 20141124095100.0 | |
| 010 | @a978-7-5502-1933-5@b精装@dCNY75.00 | |
| 100 | @a20150604d2014 em y0chiy50 ea | |
| 101 | 0 | @achi |
| 102 | @aCN@b110000 | |
| 105 | @aa z 000yy | |
| 106 | @ar | |
| 200 | 1 | @a思维导图大脑使用说明书@9si wei dao tu da nao shi yong shuo ming shu@f白虹编著 |
| 210 | @a北京@c北京联合出版公司@d2018 | |
| 215 | @a10,415页@c彩图@d25cm | |
| 300 | @a彩色悦读馆 | |
| 330 | @a本书共分为七篇,主要内容包括:大脑使用说明、唤醒创造天才、获取超级记忆、激发身体潜能、磨砺社交技能、职场成功秘符、画出完美人生。 | |
| 606 | 0 | @a逻辑思维 |
| 690 | @aB804.1@v5 | |
| 701 | 0 | @a白虹@9bai hong@4编著 |
| 801 | 0 | @aCN@b上海新华@c20191020 |
| 905 | @b1178860-2@dB804.1@e150@f3 | |
| 思维导图大脑使用说明书/白虹编著.-北京:北京联合出版公司,2018 |
| 10,415页:彩图;25cm |
| 彩色悦读馆 |
| ISBN 978-7-5502-1933-5(精装):CNY75.00 |
| 本书共分为七篇,主要内容包括:大脑使用说明、唤醒创造天才、获取超级记忆、激发身体潜能、磨砺社交技能、职场成功秘符、画出完美人生。 |
| ● |
| 相关链接 |
|
|
|
|
正题名:思维导图大脑使用说明书
索取号:B804.1/150
 
预约/预借
| 序号 | 登录号 | 条形码 | 馆藏地/架位号 | 状态 | 备注 |
| 1 | 1178860 | 211788608 | 第一样本阅览室/ [索取号:B804.1/150] | 在馆 | |
| 2 | 1178861 | 211788617 | 第一借阅区/ [索取号:B804.1/150] | 在馆 | |
| 3 | 1178862 | 211788626 | 第一借阅区/ [索取号:B804.1/150] | 在馆 |